Complete the Card - Wrestlemania IV - Statistics

General Stats
  • This quiz has been taken 9 times
  • The average score is 28 of 37
Answer Stats
Battle Royal Winner % Correct
Hulk Hogan
100%
Randy Savage
100%
Randy Savage
100%
Randy Savage
100%
Randy Savage
100%
Ted DiBiase
100%
Ted DiBiase
100%
Ted DiBiase
100%
Andre The Giant
86%
Greg Valentine
86%
Greg Valentine
86%
Jim Duggan
86%
Rick Martel
86%
Rick Rude
86%
The Ultimate Warrior
86%
Tito Santana
86%
Ax
71%
Bad News Brown
71%
Don Muraco
71%
Don Muraco
71%
Jake Roberts
71%
Koko B. Ware
71%
One Man Gang
71%
One Man Gang
71%
Ricky Steamboat
71%
Smash
71%
The Honky Tonk Man
71%
Bobby Heenan
57%
Brutus Beefcake
57%
Davey Boy Smith
57%
Dino Bravo
57%
Dynamite Kid
57%
Haku
57%
Hercules
57%
Bam Bam Bigelow
43%
Butch Reed
29%
Tama
29%
No matching quizzes found
Score Distribution
Percent of People with Each Score
Percentile by Number Answered
Your Score History
You have not taken this quiz